Регионална библиотека "Любен Каравелов" - Русе

Спешна медицина (Запис номер 1838)

MARC детайли
000 -Лидер
Контролно поле с фиксирана дължина 01729nam a2200385 c 4500
003 - Код на организацията, давaща контролен номер
Контролно поле BLK
005 - Дата и час на последна редакция
Контролно поле 20180420213435.0
008 - Елементи от данни с фиксирана дължина
fixed length control field 180412b bul|||||r ||||||| ||bul||
010 ## - Наследен системен номер
LC control number KNG00002739000
020 ## - Международен стандартен номер на книга ISBN
Международен стандартен номер на книга ISBN 954-90827-2-5
-- издат.: Инфонет-2000
040 ## - Източник на каталожния запис
Идентификатор на билиотеката - собственик на записа BLK
041 ## - Код за език
Код за езика на текст/звукозапис или на отделно заглавие Български
Код за езика КДБФ Български
080 ## - УДК
Текстов определител УДК Фармация. Фармакология. Обща терапия. Токсикология. Интензивна терапия
УДК код - определител по УДК 615
УДК определител (035)
УДК - код + определител 615(035)
080 ## - УДК
Текстов определител УДК Специална патология
УДК код - определител по УДК 616.1/.9
УДК определител (035)
УДК - код + определител 616.1/.9(035)
100 1# - Редна дума - Автор
Автор Бреслър, Майкъл
Авторска отговорност първи автор
R(LIN) 43251
139 ## - Редно поле
Редна дума Бреслър, Майкъл и др.
Авторски знак Бре - Б 80
245 10 - Сведения за заглавието
Заглавие Спешна медицина
Подзаглавни данни Наръчник на лекаря
Редно поле (дума) Майкъл Бреслър; съавт. Джордж Стърнбах; прев. от англ. Добрин Попов.
260 ## - Област на издателските данни
-- София
Име на издателя, разпространителя и проч. Инфонет-2000
Година на издаване 2001
Печатница София : Д. Благоев
300 ## - Физическа характеристика
Страници 350 с.
Размери/Мащаб 23 см
380 ## - Жанр
Жанр Медицина
500 ## - Общи забележки
Забележка Ориг. загл. Manual of emergency medicine / Michael J. Bresler, George L. Sternbach.
650 #4 - Допълнително описание по предмет – тема
Основно описание – тема или топоним Неотложни случаи [медицина]
9 (RLIN) 164160
650 #4 - Допълнително описание по предмет – тема
Основно описание – тема или топоним Терапия, интензивна
9 (RLIN) 244871
650 #4 - Допълнително описание по предмет – тема
Основно описание – тема или топоним Болести - диагностика и лечение
9 (RLIN) 244872
653 ## - Ключова дума – ненормативна
Ключова дума Спешна помощ
653 ## - Ключова дума – ненормативна
Ключова дума терапия
653 ## - Ключова дума – ненормативна
Ключова дума бърза помощ
700 1# - Други автори (авторска отговорност)
Лично име Стърнбах, Джордж
Автороска отговорност (Описва отношението между автора и произведението) съавт.
9 (RLIN) 126622
700 1# - Други автори (авторска отговорност)
Лично име Попов, Добрин
Автороска отговорност (Описва отношението между автора и произведението) прев. от англ.
9 (RLIN) 244870
852 ## - Местоположение
Форматна сигнатура Цб 210697
856 4# - Електронен адрес и достъп
Електронен формат pdf - файл
Път до файла /url/
856 4# - Електронен адрес и достъп
Електронен формат pdf - файл
Път до файла /url/
942 ## - АРТИКУЛИ
Вид на библиотечния материал Книги
Скрит в OPAC Не
944 ## - СЪЗДАВАНЕ И РЕДАКЦИЯ на ЗАПИСА
Създаване/Редакция Създаване
Дата на регистрацията/редакция 15.01.2003
Служител, извършил регистрацията/редакцията Валя_Йорданова
944 ## - СЪЗДАВАНЕ И РЕДАКЦИЯ на ЗАПИСА
Създаване/Редакция Редакция
Дата на регистрацията/редакция 19.09.2005
Служител, извършил регистрацията/редакцията
999 ## - СИСТЕМНИ КОНТРОЛНИ НОМЕРА
Koha biblionumber 1838
Koha biblioitemnumber 1838
Наличности
Код за отписване Код за изгубен артикул Източник на класификационната схема Код за повреда Коз за рестрикции Код за отдаване Артикулен № Име на библиотеката - собственик Име на библиотеката, в която се намира в момента Статус (Текущо местоположение) Дата на вписване в системата Местоположение - отдел Цена в лева Инвентарен номер Систематично азбучна сигнатура Баркод Номер на екземпляра Цена в евро Служебна бележка Служебен тип на артикула
  Не е изгубен Universal Decimal Classification Не е повреден без рестрикции ползва се в читалня 3488 Регионална библиотека "Любен Каравелов" Русе Регионална библиотека "Любен Каравелов" Русе Читалня 2001-12-21 Читалня 30.00 668624 Ч 615/Б 80 120000668624 1 15.34 Дост: Pk Вид: Ф N: 59 Дата: 18.12.2001 Дата инв: 17.03.2017 Бележки инв: Ч2017 Книги
  Не е изгубен   Не е повреден без рестрикции ползва се в читалня 3489 Регионална библиотека "Любен Каравелов" Русе Регионална библиотека "Любен Каравелов" Русе Хранилище 2002-12-10 Хранилище 30.00 120000673777 Цб 210697 120000673777 2 15.34 Дост: Dp Вид: Д N: 14 Дата: 26.03.2002 Книги
Vip Innovations Ltd, Rousse, Bulgaria 2025